1475 1437 1541 1497 1654 1443 1789 1531 1298 1388 1115 1671 1141 1320 1586 1302 1597 1115 1920 1747 1097 1239 1160 1201 1626 1898 1149 1936 1556 1697 1509 1202 1739 1244 1932 1232 1181 1915 1242 1801 1705 1609 1267 1144 1800 1965 1840 1415 1485 1237 1651 1445 1941 1174 1475 1050 1675 1033 1203 1765 1018 1312 1896 1436 1386 1799 1142 1870 1603 1265 1019 1258 1975 1636 1468 1179 1129 1344 1218 1407 1454 1642 1449 1679 1555 1130 1259 1268 1679 1410 1304 1634 1081 1459 1760 1905 1071 1811 1056 BCNSPRNW ULIB Ver.6.0+V

เปลี่ยนเป็นภาษาไทย

Change to English
 แสดงรายละเอียดบรรณานุกรม
  กลับหน้าหลัก

Brief Record : Get Marc (ISO 2709) : E-mail record : QR code < ปิดหน้าต่าง
LEADER : 00000nam 2200000uu 4500
001    13399126209
003     ULIB
008    180726s2017||||th 000 0 tha d
020    ^a9781496362247
060    ^aQV4^bK18F
100    ^aAmy M. Karch.
245    ^aFocus on Nursing Pharmacology
250    ^a7th ed
260    ^aPhiladelphia :^bWolters Kluwer,^c2017
300    ^a1106 pages;^b30 cm
650    ^aPharmaceutical Preparations
650  0 ^aDrug Therapy
945    ^p0^l0^i26426
999    ^aกัณชพร จุลอักษร
รายการนี้ยังไม่มีแท็ก
คุณยังไม่ได้ล็อกอิน คุณสามารถมีกิจกรรมร่วมกับเว็บไซต์ได้ แต่ต้องล็อกอินก่อน ::
  ล็อกอิน

รายการสื่อสารสนเทศ

ลำดับที่ ประเภท เลขเรียก/บาร์โค้ด สถานที่ สถานะ
1. วิทยาศาสตร์การแพทย์ และสุขภาพ
วิทยาศาสตร์การแพทย์ และสุขภาพ
QV4 K18F ฉ.1 
  Barcode: 26426
ห้องสมุดวิทยาเขตนครสวรรค์
►หนังสือทั่วไป:l:General Books
บนชั้น

รายการใกล้เคียง
    ชื่อเรื่อง [Focus on Nursing Pharmacology]

    ผู้แต่ง [Amy M. Karch.]

    หัวเรื่อง [Pharmaceutical Preparations]
    หัวเรื่อง [Drug Therapy]

BibComment


ยังไม่เคยถูกคอมเมนท์

คอมเมนท์ทรัพยากรรายการนี้
  คอมเมนท์: Focus on Nursing..


 Copyright 2026. Bcnsprnw @Library